OECD Integrity Review of Coahuila, Mexico Restoring Trust Through an Integrity System

Guardado en:
Detalles Bibliográficos
Formato: Libro
Lenguaje:inglés
Publicado: Paris OECD 2017
Colección:OECD Public Governance Reviews
Materias:
Etiquetas: Agregar Etiqueta
Sin Etiquetas, Sea el primero en etiquetar este registro!

MARC

LEADER 00000nam a2200000 4500
001 0242406
005 20240314123322.4
020 |a 978-92-64-28308-4 
041 0 |a eng 
044 |a FR 
245 1 0 |a OECD Integrity Review of Coahuila, Mexico  |b Restoring Trust Through an Integrity System 
264 1 |a Paris  |b OECD  |c 2017 
300 |a 194 s. 
490 1 |a OECD Public Governance Reviews 
830 0 |a OECD Public Governance Reviews 
610 2 0 |a správa verejná 
610 2 0 |a integrácia 
610 2 0 |a záväzky 
610 2 0 |a koordinácia 
610 2 0 |a inštitúcie verejnoprávne 
610 2 0 |a etika 
610 2 0 |a harmonizácia 
610 2 0 |a ochrana civilná 
610 2 0 |a korupcia 
610 2 0 |a riadenie rizík 
610 2 0 |a transparentnosť 
610 2 0 |a záujmy verejné 
610 2 0 |a obstarávanie verejné 
610 2 0 |a poradenstvo 
610 2 0 |a Mexiko